|
|
|
|
| LEADER |
01069nam a2200277 i 4500 |
| 001 |
c000330831 |
| 003 |
CARM |
| 005 |
00000000000000.0 |
| 008 |
780828s1977 enka c 00110 eng |
| 015 |
|
|
|a GB78-01630
|
| 019 |
1 |
|
|a 1261342
|5 LACONCORD2021
|
| 020 |
|
|
|a 0950208299 :
|c £5.00
|
| 035 |
|
|
|a (OCoLC)4491105
|5 LACONCORD2021
|
| 050 |
0 |
0 |
|a TR835
|b .B34 1977
|
| 110 |
2 |
0 |
|a G.G. Baker and Associates.
|
| 245 |
1 |
2 |
|a A guide to microfilm production equipment /
|c G. G. Baker & Associates.
|
| 250 |
|
|
|a 2nd ed.
|
| 260 |
|
|
|a Guildford :
|b G. G. Baker and Associates,
|c 1977.
|
| 300 |
|
|
|a 3-175 p. :
|b ill. ;
|c 22 cm.
|
| 500 |
|
|
|a First ed. published under title: A guide to the production of microforms.
|
| 500 |
|
|
|a Includes index.
|
| 650 |
|
0 |
|a Microphotography
|x Equipment and supplies
|x Catalogs.
|
| 852 |
8 |
|
|b CARM
|h A1:AN08G0
|i B08565
|p 0411348
|f BK
|
| 082 |
0 |
4 |
|a 338.4/7/681418
|
| 999 |
f |
f |
|i cb603ca0-cfba-5431-8bd1-0b5c08d9c513
|s fb3b2746-5ac1-5db0-ace9-00171d56b5fd
|
| 952 |
f |
f |
|p Can circulate
|a CAVAL
|b CAVAL
|c CAVAL
|d CARM 1 Store
|e B08565
|f A1:AN08G0
|h Other scheme
|i book
|m 0411348
|